Top 100 Hip Hop Albums on Rateyourmusic - Statistics

General Stats
  • This quiz has been taken 197 times
  • The average score is 43 of 100
Answer Stats
Artist Album % Correct
Kanye West The College Dropout
95%
Kendrick Lamar To Pimp a Butterfly
95%
Kendrick Lamar good kid, m.A.A.d city
94%
Nas Illmatic
91%
Kanye West My Beautiful Dark Twisted Fantasy
91%
Kanye West Graduation
89%
Kanye West Late Registration
87%
Madvillain Madvillainy
86%
Wu-Tang Clan Enter the Wu-Tang (36 Chambers)
85%
Tyler, The Creator Flower Boy
81%
Kanye West Yeezus
81%
The Notorious B.I.G. Ready to Die
80%
Kanye West The Life of Pablo
80%
KIDS SEE GHOSTS KIDS SEE GHOSTS
79%
MF DOOM MM..FOOD
79%
Lauryn Hill The Miseducation of Lauryn Hill
79%
Travis Scott Rodeo
75%
Jay-Z The Blueprint
75%
OutKast Aquemini
70%
Dr. Dre The Chronic
69%
A Tribe Called Quest The Low End Theory
69%
OutKast Stankonia
68%
OutKast ATLiens
66%
Kendrick Lamar Mr. Morale & The Big Steppers
66%
J.I.D. The Forever Story
64%
Snoop Doggy Dogg Doggystyle
63%
J Dilla Donuts
63%
Freddie Gibbs & Madlib Piñata
62%
Mos Def Black on Both Sides
61%
Tyler, the Creator Call Me If You Get Lost
60%
Genius/GZA Liquid Swords
60%
JPEGMAFIA & Danny Brown Scaring the Hoes
60%
Mobb Deep The Infamous
60%
Death Grips The Money Store
58%
Danny Brown Atrocity Exhibition
57%
Pusha T DAYTONA
56%
Earl Sweatshirt Some Rap Songs
55%
JPEGMAFIA LP!
54%
Jay-Z Reasonable Doubt
53%
A Tribe Called Quest Midnight Marauders
52%
Common Be
51%
Little Simz Sometimes I Might Be Introvert
50%
Run the Jewels Run the Jewels 2
49%
MF DOOM Operation: Doomsday
47%
JPEGMAFIA Veteran
46%
Freddie Gibbs & Madlib Bandana
44%
JPEGMAFIA All My Heroes Are Cornballs
43%
Public Enemy It Takes a Nation of Millions to Hold Us Back
42%
DJ Shadow Endtroducing.....
41%
Denzel Curry Melt My Eyez See Your Future
40%
Viktor Vaughn Vaudeville Villain
39%
Danny Brown XXX
38%
Denzel Curry TA13OO
36%
A Tribe Called Quest We got it from Here… Thank You 4 Your service
36%
Beastie Boys Paul's Boutique
35%
Deltron 3030 Deltron 3030
34%
Raekwon Only Built 4 Cuban Linx...
34%
Ghostface Killah Supreme Clientele
34%
The Roots Things Fall Apart
34%
Danger Mouse & Black Thought Cheat Codes
32%
Injury Reserve By the Time I Get to Phoenix
30%
Billy Woods & Kenny Segal Maps
30%
Death Grips Bottomless Pit
29%
Public Enemy Fear of a Black Planet
29%
De La Soul 3 Feet High and Rising
28%
Clipse Hell Hath No Fury
28%
Nujabes Modal Soul
27%
King Geedorah Take Me to Your Leader
27%
Black Star Mos Def & Talib Kweli Are Black Star
26%
Ghostface Killah Ironman
23%
Gang Starr Moment of Truth
23%
Billy Woods Aethiopes
21%
Lil Ugly Mane Mista Thug Isolation
20%
Billy Woods & Kenny Segal Hiding Places
19%
Mach-Hommy The G.A.T...
18%
Little Simz GREY Area
17%
Big L Lifestylez ov da Poor & Dangerous
15%
Digable Planets Blowout Comb
14%
Nujabes Metaphorical Music
14%
The Pharcyde Bizarre Ride II the Pharcyde
13%
The Roots Game Theory
11%
The Pharcyde Labcabincalifornia
11%
De La Soul Stakes Is High
11%
Cannibal Ox The Cold Vein
11%
Yoko Ono / clipping. Visions of Bodies Being Burned
11%
Gravediggaz 6 Feet Deep
10%
Three-6 Mafia Mystic Stylez
10%
UGK Ridin' Dirty
9%
De La Soul Buhloone Mindstate
7%
Death Grips Jenny Death: The Powers That B Disc 2
7%
Little Brother The Minstrel Show
7%
Death Grips Niggas on the Moon: The Powers that B Disc 1
6%
Organized Konfusion Stress: The Extinction Agenda
5%
Pete Rock & C.L. Smooth The Main Ingredient
5%
Racionais MC's Sobrevivendo no inferno
4%
Dälek From Filthy Tongue of Gods and Griots
3%
Canserbero Muerte
3%
Farazi v Kayra Hayalet Islığı
2%
Tiro de Garcia Ser hümano!!
2%
Racionais MC's Nada como um dia após o outro dia
1%
No matching quizzes found
Score Distribution
Percent of People with Each Score
Percentile by Number Answered
Your Score History
You have not taken this quiz